000 01279nam a22002897a 4500
005 20090626110924.0
008 090626t xxu||||| |||| 00| 0 eng d
010 _aENG-94242
020 _a9788183563222
_c575.00
035 _aEN-77775
037 _bDBAD / VEN
040 _adpl
_bEnglish
082 _a361.4
245 _aMicro enterprises for women:
_cedited by U. Jerinabi
_bcompetitiveness, challenges and prospects for new global environment /
260 _aNew Delhi
_bDiscovery Publishing House
_c2008
270 _a4831/24, Ansari Road, Prahlad Street, Darya Ganj
_bNew Delhi
_e110002
300 _a202p.
_c23cm(Hb)
500 _aIncludes bibliographical references and index
650 _aSelf help groups
_zIndia
_zTamil Nadu
650 _aMicrofinance
_zIndia
_zTamil Nadu
650 _aRural credit
_zIndia
_zTamil Nadu
650 _aRural women
_zIndia
_zTamil Nadu
_xEconomic conditions
700 _aJerinabi, U.
942 _2ddc
_cEN
_mJER
_h361.4
999 _c27906
_d27906